000 00769nam a2200253 a 4500
001 BRCA_5199
005 20190320205000.0
008 700323s1969####it-a######---#000-0#eng-#
041 _aeng
044 _ait
050 4 _aNK4645
_b.M56 1969
100 1 _aMingazzini, Paolino
_913315
245 1 0 _aGreek Pottery Painting
_cPaolino Mingazzini ; translated by F. B. Sear.
260 _aItalia
_bPaul Hamlyn
_c1969
300 _a157 p.
_bil. a color
_c20 cm.
440 0 _aCameo
_913276
500 _aIncluye lista de ilustraciones
500 _aTraducción de: Ceramica Greca
500 _aDonación Dr. Héctor Rivero Borrell Vázquez
650 1 4 _aCerámica pintada
_zGrecia
_913316
700 1 _aSear, F. B.
_eTraductor
_913317
902 _aDHR
942 _2lcc
_cB
999 _c4893
_d4893